Statistiques concernant Culture Générale - Série 1401

Cliquez ici pour prendre le quiz!

Statistiques générales

  • Ce quiz a été pris 62 fois
  • Le résultat moyen est 7 sur 10

Statistiques - réponses

QuestionRéponse% Correct
Si Molière écrit, en 1661, "L'École des maris", il passe dès 1662 à "L'École des...femmes
95%
L'ensemble montagneux du Jura s'étend sur la France, l'Allemagne et la ...Suisse
95%
De quel pays, Sucre est-elle la capitale constitutionnelle ?Bolivie
90%
Par quel terme, synonyme familier de chaussure, désignait-on la boxe française ?savate
81%
Quel est le dernier tennisman français à avoir remporté un tournoi du grand chelem en simple messieurs ?Yannick Noah
78%
Comment s'appellent les habitants du Honduras ?Honduriens
68%
Quelle culotte échancrée sur les cuisses, à ceinture basse, n'est ni un caleçon ni un string, et peut être "de bain" quand il est porté à la plage ?slip
63%
Quel était l'instrument de prédilection du jazzman Stéphane Grappelli ?violon
59%
Quel élément chimique est représenté par le symbole "Cl" ?chlore
59%
Dans le film "Julie et Julia" sorti en 2009, quelle actrice interprète le personnage de Julia ?Meryl Streep
5%

Distribution des résultats

Percentile par nombre de réponses

% des personnes avec chaque résultat

Votre développement - résultats

Vous n’avez pas pris ce quiz